Guess the NBA player by his All-Time teammates - Statistics

General Stats
  • This quiz has been taken 102 times
  • The average score is 6 of 15
Answer Stats
Teammates Player % Correct
Stephen Curry - Russell Westbrook - James Harden- Kyrie Irving - Devin Booker - Chris Paul Kevin Durant
94%
Dwyane Wade - LeBron James - Kobe Bryant- Steve Nash - Kevin Garnett - Gary Payton - Karl Malone - Penny Hardaway - Alonzo Mourning - Dennis Rodman - Paul Pierce - Rajon Rondo Shaquille O'neal
85%
Kevin Durant - LeBron James - Dwight HowardJames Harden - Paul George - Carmelo Anthony Bradley Beal - Kawhi Leonard - Anthony Davis Russell Westbrook
48%
Tony Parker - Tracy McGrady - Kawhi LeonardSteve Kerr - David Robinson - Michael Finley Tim Duncan
48%
Jason Kidd - Trae Young - Marc Gasol -Dwight Howard - Dirk Nowitzki - Steve Nash Tracy McGrady - Chris Bosh - Grant Hill Vince Carter
46%
LeBron James - Allen Iverson - Russell Westbrook -Damian Lillard - Dwight Howard - Isaiah Thomas Paul George - Chris Paul - James Harden Carmelo Anthony
34%
Dwyane Wade - Joel Embiid - Rajon RondoKarl-Anthony Towns - Kyle Lowry - Derrick Rose Jimmy Butler
33%
Michael Jordan - Shaquille O'neal - David RobinsonKobe Bryant - Steve Nash - Moses Malone - Isiah Thomas - Dirk Nowitzki - Robert Parish Dennis Rodman
32%
Dennis Rodman - Karl Malone - Julius RandleDwight Howard - Steve Nash - Gary Payton Kobe Bryant
32%
Kobe Bryant - Giannis Antetokounmpo - Demar DerozanSteve Nash - Kawhi Leonard - Derrick Rose Pau Gasol
24%
Nate Thurmond - Elgin Baylor - Billy CunninghamHal Greer - Gail Goodrich - Jerry West Wilt Chamberlain
22%
Paul Pierce - Jayson Tatum - Lamar OdomKyrie Irving - Chauncey Billups - Chris Paul Kevin Durant - LaMarcus Aldridge - Baron Davis Blake Griffin
18%
Dwight Howard - Derrick Rose - Chris Paul - Donovan Mitchell - John Wall - Ray Allen - DeMarcus Cousins - Kyrie Irving - Kevin Durant Paul Pierce - Nikola Jokic - LeBron James Kevin Garnett - Vince Carter - Blake Griffin Russell Westbrook - James Harden - Marc Gasol Kevin Love - Shaquille O'neal - Dwyane Wade Jeff Green
18%
Rajon Rondo - Stephen Curry - Giannis AntetokounmpoAnthony Davis - Nikola Jokic - Kevin Durant - Paul George - James Harden - John Wall DeMarcus Cousins
13%
Jimmy Butler - Allen Iverson - Kevin Durant - Jrue Holiday - Jermaine O'neal - DeMarcus Cousins Andre Iguodala
11%
No matching quizzes found
Score Distribution
Percent of People with Each Score
Percentile by Number Answered
Your Score History
You have not taken this quiz